Business Ethics and Religion: Religiosity as a Predictor of Ethical Awareness Among Students
We survey students at two Southern United States universities (one public and one private, religiously affiliated). Using a survey instrument that includes 25 vignettes, we test two important hypotheses: whether ethical attitudes are affected by religiosity (H1) and whether ethical attitudes are aff...
| Authors: | ; |
|---|---|
| Format: | Electronic Article |
| Language: | English |
| Check availability: | HBZ Gateway |
| Interlibrary Loan: | Interlibrary Loan for the Fachinformationsdienste (Specialized Information Services in Germany) |
| Published: |
2004
|
| In: |
Journal of business ethics
Year: 2004, Volume: 50, Issue: 4, Pages: 383-396 |
| Further subjects: | B
Teaching Business Ethics
B predictors of ethical behavior B Gender B Religiosity B Age |
| Online Access: |
Volltext (JSTOR) Volltext (lizenzpflichtig) |
MARC
| LEADER | 00000caa a22000002c 4500 | ||
|---|---|---|---|
| 001 | 1785621386 | ||
| 003 | DE-627 | ||
| 005 | 20220118121814.0 | ||
| 007 | cr uuu---uuuuu | ||
| 008 | 220112s2004 xx |||||o 00| ||eng c | ||
| 024 | 7 | |a 10.1023/B:BUSI.0000025040.41263.09 |2 doi | |
| 035 | |a (DE-627)1785621386 | ||
| 035 | |a (DE-599)KXP1785621386 | ||
| 040 | |a DE-627 |b ger |c DE-627 |e rda | ||
| 041 | |a eng | ||
| 084 | |a 1 |a 0 |2 ssgn | ||
| 100 | 1 | |a Conroy, Stephen J. |e VerfasserIn |4 aut | |
| 109 | |a Conroy, Stephen J. |a Conroy, S. J. | ||
| 245 | 1 | 0 | |a Business Ethics and Religion: Religiosity as a Predictor of Ethical Awareness Among Students |
| 264 | 1 | |c 2004 | |
| 336 | |a Text |b txt |2 rdacontent | ||
| 337 | |a Computermedien |b c |2 rdamedia | ||
| 338 | |a Online-Ressource |b cr |2 rdacarrier | ||
| 520 | |a We survey students at two Southern United States universities (one public and one private, religiously affiliated). Using a survey instrument that includes 25 vignettes, we test two important hypotheses: whether ethical attitudes are affected by religiosity (H1) and whether ethical attitudes are affected by courses in ethics, religion or theology (H2). Using a definition of religiosity based on behavior (church attendance), our results indicate that religiosity is a statistically significant predictor of responses in a number of ethical scenarios. In seven of the eight vignettes for which religiosity is significant, the effect is negative, implying that it reduces the “acceptability” of ethically-charged scenarios. Completion of ethics or religion classes, however, was a significant predictor of ethical attitudes in only two of the 25 vignettes (and in the expected direction). We also find that males and younger respondents appear to be more accepting of the ethically-questionable vignettes. We conclude that factors outside of the educational system may be more influential in shaping responses to ethical vignettes than are ethics and religion courses. | ||
| 601 | |a Religion | ||
| 601 | |a Student | ||
| 650 | 4 | |a Teaching Business Ethics | |
| 650 | 4 | |a Religiosity | |
| 650 | 4 | |a predictors of ethical behavior | |
| 650 | 4 | |a Gender | |
| 650 | 4 | |a Age | |
| 700 | 1 | |a Emerson, Tisha L.N. |e VerfasserIn |4 aut | |
| 773 | 0 | 8 | |i Enthalten in |t Journal of business ethics |d Dordrecht : Springer, 1982 |g 50(2004), 4, Seite 383-396 |h Online-Ressource |w (DE-627)270937129 |w (DE-600)1478688-6 |w (DE-576)121465284 |x 1573-0697 |7 nnas |
| 773 | 1 | 8 | |g volume:50 |g year:2004 |g number:4 |g pages:383-396 |
| 856 | |3 Volltext |u http://www.jstor.org/stable/25075204 |x JSTOR | ||
| 856 | 4 | 0 | |u https://doi.org/10.1023/B:BUSI.0000025040.41263.09 |x Resolving-System |z lizenzpflichtig |3 Volltext |7 1 |
| 935 | |a mteo | ||
| 951 | |a AR | ||
| ELC | |a 1 | ||
| ITA | |a 1 |t 1 | ||
| LOK | |0 000 xxxxxcx a22 zn 4500 | ||
| LOK | |0 001 403368025X | ||
| LOK | |0 003 DE-627 | ||
| LOK | |0 004 1785621386 | ||
| LOK | |0 005 20220112043604 | ||
| LOK | |0 008 220112||||||||||||||||ger||||||| | ||
| LOK | |0 035 |a (DE-Tue135)IxTheo#2021-12-30#CEE401B1E57D63EFAF41333908059DD45DAB283D | ||
| LOK | |0 040 |a DE-Tue135 |c DE-627 |d DE-Tue135 | ||
| LOK | |0 092 |o n | ||
| LOK | |0 852 |a DE-Tue135 | ||
| LOK | |0 852 1 |9 00 | ||
| LOK | |0 866 |x JSTOR#http://www.jstor.org/stable/25075204 | ||
| LOK | |0 935 |a ixzs |a ixrk |a zota | ||
| LOK | |0 939 |a 12-01-22 |b l01 | ||
| ORI | |a SA-MARC-ixtheoa001.raw | ||
| REL | |a 1 | ||
| STA | 0 | 0 | |a Gender |
| SUB | |a REL | ||
| SYE | 0 | 0 | |a Soziales Geschlecht,Geschlecht,Geschlecht |



